Spory o reformu školstva

Organizácia a riadenie školstva na Slovensku po roku 1990. Súčasný stav školstva. Cieľový stav školstva na Slovensku. Počty maturantov podľa typu škôl v roku 2000. Veková štruktúra učiteľov v SR.

Gespeichert in:
Bibliographische Detailangaben
1. Verfasser: Polakovič, Ivan
Format: Buchkapitel
Sprache:Slowakisch
Schlagworte:
Tags: Tag hinzufügen
Keine Tags, Fügen Sie das erste Tag hinzu!

MARC

LEADER 00000naa a2200000 4500
001 r043753
005 20230920073533.7
041 0 |a slo 
044 |a SK 
245 1 0 |a Spory o reformu školstva  |c Ivan Polakovič 
520 |a Organizácia a riadenie školstva na Slovensku po roku 1990. Súčasný stav školstva. Cieľový stav školstva na Slovensku. Počty maturantov podľa typu škôl v roku 2000. Veková štruktúra učiteľov v SR. 
610 2 0 |a školstvo 
610 2 0 |a reformy školské 
610 2 0 |a financovanie 
610 2 0 |a prognózy 
610 2 0 |a školy stredné 
610 2 0 |a školy vysoké 
610 2 0 |a učitelia 
610 2 0 |a Slovensko 
100 1 |a Polakovič, Ivan